Quizzes
Events
Quiz Creation
Community
Videos
Private Events
Remove Ads
Sign In
Join for FREE
Feedback
Dark Mode
Quiz Categories
Sports
Geography
Music
Movies
Television
Just For Fun
Miscellaneous
History
Literature
Language
Science
Gaming
Entertainment
Religion
Holiday
For Kids
Quiz Lab
Recent
Popular Today
Quiz Kudos Today
Editor Picks
Curator Picks
Quizzes by...
Day
Popularity
Type
Ratings
Length
Year
Community
Subscriptions
Recent Discussions
Orange Saloon
Badges
Playlists
Quests
Create
Leaderboards
Showdown
Live 5
Trivia Bingo
Activity
Puzzle Library
Sporcle Events
Private Events
Virtual Trivia
Globe League
Become a Host
Pub Owners
SporcleCon
Opinionation
Our Games
Videos
Blog
Mobile Apps
Partnerships
Remove Ads and Go Orange
Feedback
Sports
Athletes
MLB
NBA
NHL
NFL
Soccer
Sports Teams
WWE
NCAA
Football
Premier League
Basketball
Baseball
Hockey
Golf
Tennis
Cricket
Rugby
Auto Racing
Olympics
World Cup
Sports
Athletes
MLB
NBA
NHL
NFL
Soccer
Sports Teams
WWE
NCAA
Football
Premier League
Basketball
Baseball
Hockey
Golf
Tennis
Cricket
Rugby
Auto Racing
Olympics
World Cup
Random Quiz
Search Sporcle
×
Quiz Lab
Quiz Lab
Sports
Baseball
Type in answers that appear in a list
Type in answers that appear in a list
Classic
Best Score? Go Orange.
1908 Chicago Cubs Starters Stats
Can you name the 1908 Chicago Cubs Starters?
By
Bond25Roids101
10m
15 Questions
56 Plays
56 Plays
56 Plays
Comments
Comments
Give Quiz Kudos
Give Quiz Kudos
-
- Ratings
hide this ad
More Info
Replay
Link that replays current quiz
Next Quiz
Link to next quiz in quiz playlist
You Got
0%
They Got
Avg Score
53%
Avg Friend Score
Upgrade to see
Score Distribution
Jump to the score distribution portion of the page
Score
0/15
Timer
10:00
0
Plays Today
% Correct
Joe Tinker
96.4%
Johnny Evers
94.5%
Frank Chance
92.7%
Mordecai Brown
72.7%
1908
61.8%
Orval Overall
58.2%
Harry Steinfeldt
50.9%
Wildfire Schulte
50.9%
% Correct
Johnny Kling
43.6%
Ed Reulbach
38.2%
Jimmy Slagle
34.5%
Jack Pfiester
34.5%
Carl Lundgren
30.9%
Jimmy Sheckard
29.1%
Chick Fraser
16.4%
Quiz Playlist
Details
Report
Send in Message
Add To Playlist
More Info:
It wasn't all Bartmans fault, was it?
Classic:
Type in answers that appear in a list
Quiz Source
Last Updated: Feb 16, 2017
Quiz Scoreboard
CHALLENGE
Sign Up to Join the Scoreboard
Show All
Scores
Hide
Comments
May contain spoilers
Recently Published
Popular People in 1961
by mucciniale
History
6m
1-10 Letter E Words III
by El_Dandy
Language
2m
One Thing in Common: World Cities II
by knightlancer
Geography
7m
More to Explore
Quiz From the Vault
Featured Blog Post
Where Did the Easter Bunny Come From?
hide this ad
You Might Also Like...
Tags
Baseball Quiz
1908
chicago
Chicago Cubs
World Series
Today's Top Quizzes in Sports
Browse Sports
hide this ad
Today's Top Quizzes in Baseball
Browse Baseball
Top Contributed Quizzes in Sports
1
Les meilleurs buteurs des matchs entre le PSG et l’OM
2
Les entraîneurs de l'OM et du PSG au 21e siècle
3
FIFA Club World Cup Champions
4
2022 World Cup Stars
5
Name the Premier League winners with different clubs
6
La finale Lions - Afrique du Sud 2021
7
Criteria MLB: Left Handed Sluggers
8
Players with Multiple 50 Home Run Seasons
9
MLB Players with Two .350 Batting Average Seasons
10
MLB Hall of Famer by Rings
Explore More
Trending Topics
Anime
Marvel
NBA
Crossword
Disney
Kpop
Harry Potter
Pokémon
Song
NFL
Puzzle
Country
The Office
Soccer
WWE
hide this ad
More By:
Bond25Roids101
Quiz
Plays
Rating
Category
Featured
Created
Famous Sports 21's
78
1.50
Sports
Feb 25, 2011
1908 Chicago Cubs Starters
56
2.00
Sports
Feb 25, 2011
USFL Teams
30
1.50
Sports
Nov 1, 2009
Go to Creator's Profile
Score Distribution
Quiz Creator Spotlight
Bond25Roids101
Follow
Send a Message
Quizzes Created
-
Created Quiz Play Count
-
More By This Creator
Popular Quizzes Today
1
Find the US States - No Outlines Minefield
2
Find the Countries of Europe - No Outlines Minefield
3
The Countries of the World
4
Popular People in 1961
5
1-10 Letter E Words III
6
Find the US States
7
One Thing in Common: World Cities II
8
US States
More Sports Quizzes
Evolution of Football Crests: Rangers F.C.
Curator's Pick
Trending Quizzes
Risky Map Clicking: Least Populous States A-Z
1-10 Letter F Words
1-10 Letter G Words
One Thing in Common: United Kingdom
Risky Map Clicking: Biggest States A-Z
Recently Updated
Leaping Animals
pecheneg
Reality TV Shows (A-Z)
bhenderson79
Rickey Henderson's Hall of Fame Teammates
pecheneg
Champions League XIs: Arsenal
pecheneg
Quick Pick: Celebrities in WWE's Hall of Fame
aduchscher
A-Z Keypad Blitz II
pecheneg
Multiple Oscar Actors
pecheneg
Mystery Phrase Blitz: Oscar 'Best Actors'
pecheneg
F. Scott Fitzgerald Novels
LTH
Pick 3 Villains
ddd62291
Trending Topics
NBA
Disney
Kpop
Anime
Crossword
Harry Potter
Marvel
Pokémon
Country
Song
NFL
Soccer
Puzzle
WWE
The Office
Your Account Isn't Verified!
In order to create a playlist on Sporcle, you need to verify the email address you used during registration. Go to your
Sporcle Settings
to finish the process.
Report this User
Report this user for behavior that violates our
Community Guidelines
.
Details:
Send Report
Go to the Sporcle.com Mobile Site →
Comments